ბათუმის შოთა რუსთაველის სახელმწიფო უნივერსიტეტის ბიბლიოთეკა

როცა მზე იყო ღმერთი : (ბიბ.ჩანაწერი № 59178)

000 -ლიდერი
ფიქსირებული სიგრძის საკონტროლო ველი 01337nam a22002177a 4500
003 - საკონტროლო ნომრის იდენტიფიკატორი
საკონტროლო ველი Ge_BSU
005 - ბოლო ოპერაციის თარიღი და დრო
საკონტროლო ველი 20221202110204.0
008 - ფიქსირებული სიგრძის მონაცემთა ელემენტები - ზოგადი ინფორმაცია
ფიქსირებული სიგრძის საკონტროლო ველი 221202s1982ge xxu||||| |||| 00| 0 geo d
041 ## - ენის კოდი
Language code of text/sound track or separate title geo
080 ## - უნივერსალური ათობითი კლასიფიკაციის ინდექსი
Universal Decimal Classification number 902+94(3)+008(3) კ-78
100 ## - მთავარი ჩანაწერი - პიროვნების სახელი
Personal name კოსიდოვსკი, ზენონ, ავტორი.
9 (RLIN) 16304
245 ## - ცნობა სათაურის შესახებ
Title როცა მზე იყო ღმერთი :
Remainder of title [არქეოლოგია და ძველი ცივილიზაცია] /
Statement of responsibility, etc ზენონ კოსიდოვსკი ; თარგმნა გ. დვალიშვილმა.
250 ## - გამოცემის ცნობა
Edition statement I გამოცემა.
264 ## - წარმოების, გამოცემის, დისტრიბუციის და სხვა ცნობები
გამოცემის, წარმოების, დისტრიბუციის... ადგილი თბილისი :
გამოცემის, წარმოების, დისტრიბუციის... სახელწოდება ნაკადული,
გამოცემის, წარმოების, დისტრიბუციის... თარიღი 1982.
300 ## - ფიზიკური აღწერა
Extent 407 გვ.
Other physical details 21 სმ.
501 ## - შენიშვნა თანმხლებ მასალაზე
With note შენიშვნები: გვ.389-405.
653 ## - INDEX TERM--UNCONTROLLED
Uncontrolled term მესოპოტამიის ტაძრებსა და ბაღებს შორის ; ფარაონების ეგვიპტეში ; დიდი გველის სამეფოში.
653 ## - INDEX TERM--UNCONTROLLED
Uncontrolled term ძველი მსოფლიოს ისტორია. არქეოლოგია. ცივილიზაციის ისტორია
700 ## - ADDED ENTRY--PERSONAL NAME
Personal name დვალიშვილი, გ
Relator term მთარგმნელი
9 (RLIN) 16305
942 ## - ADDED ENTRY ELEMENTS (KOHA)
Source of classification or shelving scheme
Koha item type წიგნი
ეგზემპლარები
ჩამოწერის სტატუსი დაკარგული ეგზემპლარის სტატუსი კლასიფიკაციის წყარო ან თაროზე გაწყობის სქემა დაზიანების სტატუსი არ გაიცემა მუდმივი მდებარეობა (დაცვის ადგილი) ამჟამინდელი ადგილსამყოფელი თაროზე განთავსების ადგილი შეძენის თარიღი ღირებულება, შესყიდვის ნორმალური ფასი სრული შენახვის შიფრი შტრიხკოდი ბოლო ოპერაციის თარიღი ეგზემპლარის მიმდევრობითი ნომერი (კეტერი?) ფასის ძალაში შესვლის თარიღი ეგზემპლარის სახეობა საჯარო შენიშვნა
          ბათუმის შოთა რუსთაველის სახელმწიფო უნივერსიტეტის მთავარი ბიბლიოთეკა ბათუმის შოთა რუსთაველის სახელმწიფო უნივერსიტეტის მთავარი ბიბლიოთეკა წიგნსაცავი 2022-12-02 8.00 902+94(3)+008(3) კ-78 63260 2022-12-02 63260 2022-12-02 წიგნი 8.00